[Event "Omegna op-B 2nd"]
[Site "Omegna"]
[Date "2014.08.10"]
[Round "5"]
[White "Martin, Raoul"]
[Black "Gbessou, Remi Stephan"]
[Result "1-0"]
[WhiteElo "1469"]
[BlackElo "1323"]
[PlyCount "60"]
[EventDate "2014.08.08"]
[EventType "swiss"]
[EventRounds "5"]
[EventCountry "ITA"]
[SourceTitle "EXT 2015"]
[Source "ChessBase"]
[SourceDate "2014.11.20"]
[SourceVersion "1"]
[SourceVersionDate "2014.11.20"]
[SourceQuality "1"]

1. a3 e5 2. c4 Nc6 3. Nc3 Nf6 4. g3 b6 5. Bg2 Bb7 6. Nf3 d5 7. cxd5 Nxd5 8. 0-0 Nf6 9. Nxe5 Qd6 10. Nxc6 Bxc6 11. Bxc6+ Qxc6 12. d3 Be7 13. Bf4 0-0 14. Rc1 Rfd8 15. Qb3 Qd7 16. e4 c6 17. Rfd1 Qh3 18. f3 Bc5+ 19. Kh1 h6 20. Ne2 g5 21. d4 Kg7 22. dxc5 b5 23. Bd6 g4 24. Nf4 Nh5 25. Qe3 Kh7 26. Nxh3 gxh3 27. Qd4 Ng7 28. Qf6 Rd7 29. Bf4 Rh8 30. Be5 Ne8 1-0

[Event "Omegna op-B 2nd"]
[Site "Omegna"]
[Date "2014.08.09"]
[Round "2"]
[White "Lantschner, Arnold"]
[Black "Martin, Raoul"]
[Result "1-0"]
[WhiteElo "1377"]
[BlackElo "1469"]
[PlyCount "35"]
[EventDate "2014.08.08"]
[EventType "swiss"]
[EventRounds "5"]
[EventCountry "ITA"]
[SourceTitle "EXT 2015"]
[Source "ChessBase"]
[SourceDate "2014.11.20"]
[SourceVersion "1"]
[SourceVersionDate "2014.11.20"]
[SourceQuality "1"]

1. e4 c5 2. Bc4 Nc6 3. d3 e6 4. Nc3 Nge7 5. Qh5 Ng6 6. Bg5 Qb6 7. b3 Nce5 8. Nf3 Nxc4 9. dxc4 Qa5 10. Bd2 Qd8 11. 0-0 Qf6 12. e5 Qd8 13. Bg5 Be7 14. Rad1 Bxg5 15. Nxg5 a6 16. Nce4 Qe7 17. Nd6+ Kf8 18. Ngxf7 1-0

[Event "Omegna op-B 2nd"]
[Site "Omegna"]
[Date "2014.08.08"]
[Round "1"]
[White "Martin, Raoul"]
[Black "Maffeo, Mauro"]
[Result "0-1"]
[WhiteElo "1469"]
[BlackElo "1730"]
[PlyCount "60"]
[EventDate "2014.08.08"]
[EventType "swiss"]
[EventRounds "5"]
[EventCountry "ITA"]
[SourceTitle "EXT 2015"]
[Source "ChessBase"]
[SourceDate "2014.11.20"]
[SourceVersion "1"]
[SourceVersionDate "2014.11.20"]
[SourceQuality "1"]

1. g4 e6 2. Bg2 d5 3. d3 Bd6 4. Bd2 c5 5. Nc3 a6 6. Nf3 Nc6 7. h3 Nf6 8. Bg5 h6 9. Bh4 g5 10. Nxg5 hxg5 11. Bxg5 Be7 12. Qd2 Nh7 13. Bf4 Bg5 14. Bxg5 Qxg5 15. f4 Qh4+ 16. Kd1 Qf2 17. e3 Qxd2+ 18. Kxd2 b5 19. Raf1 Bb7 20. f5 0-0-0 21. f6 Rhg8 22. Rf2 Ne5 23. e4 dxe4 24. Nxe4 Bxe4 25. Bxe4 Nf8 26. Rg1 Rh8 27. Rh2 Nfg6 28. Ke3 Rh4 29. c3 Rdh8 30. Rg3 Nxg4+ 0-1